Statistiques concernant Les jeux Zelda

Cliquez ici pour prendre le quiz!

Statistiques générales

  • Ce quiz a été pris 316 fois
  • Le résultat moyen est 12 sur 17

Statistiques - réponses

AnnéeConsoleJeu% Correct
1998Nintendo 64Ocarina of Time
93%
1986NESThe Legend of Zelda
88%
2000Nintendo 64Majora's Mask
86%
2006GameCube/WiiTwilight Princess
83%
2017Wii U/SwitchBreath of the Wild
82%
2011WiiSkyward Sword
74%
1991Super NintendoA Link to the Past
71%
1993GameBoyLink's Awakening
71%
1987NESThe Adventure of Link
68%
2007Nintendo DSPhantom Hourglass
67%
2009Nintendo DSSpirit Tracks
63%
2003GameCubeThe Wind Waker
63%
2013Nintendo 3DSA Link Between Worlds
57%
2001GameBoy (color)Oracle of Ages
57%
2004GameBoy AdvanceThe Minish Cap
54%
2002GambeBoy AdvanceFour Swords
52%
2015Nintendo 3DSTriForce Heroes
52%

Distribution des résultats

Percentile par nombre de réponses

% des personnes avec chaque résultat

Votre développement - résultats

Vous n’avez pas pris ce quiz